Normal view
MARC view
- البنوك-التسليف-الودائع البنكية-استثمارات
Entry Topical Term
001 - CONTROL NUMBER
- control field: 61753
003 - CONTROL NUMBER IDENTIFIER
- control field: JO-AjAnu
005 - DATE AND TIME OF LATEST TRANSACTION
- control field: 20230606084104.0
008 - FIXED-LENGTH DATA ELEMENTS
- fixed length control field: 230606|| aca||aabn | a|a d
040 ## - CATALOGING SOURCE
- Original cataloging agency: JO-AjAnu
- Transcribing agency: JO-AjAnu
150 ## - HEADING--TOPICAL TERM
- Topical term or geographic name entry element: البنوك-التسليف-الودائع البنكية-استثمارات
670 ## - SOURCE DATA FOUND
- Source citation: Work cat.: (JO-AjAnu)31497: سعيد، عبد السلام لفته , author 61752, إدارة المصارف وخصوصية العمل المصرفي